Statistics for Vermont State Quiz

Click here to take the quiz!

General Stats

  • This quiz has been taken 97 times
  • The average score is 7 of 12

Answer Stats

HintAnswer% Correct
CapitalMontpelier
100%
Largest cityBurlington
89%
Above is on what lakeLake Champlain
84%
Above is in what mountainsGreen Mountains
72%
Third largest cityRutland
64%
River between Vermont and New HampshireConnecticut River
61%
Second largestSouth Burlington
58%
Highest pointMt. Mansfield
52%
Above is on what riverWinooski River
47%
Fifth largest cityBarre
33%
Fourth largest cityEssex Junction
31%
Other lake between VT and QuebecLake Memphremagog
28%

Score Distribution

Percentile by Number Answered

Percent of People with Each Score

Your Score History

You have not taken this quiz